书目信息 |
| 题名: |
结构无机化学
|
|
| 作者: | 桐山良一 著 ;周孝棣 , 胡秀仁 译 | |
| 分册: | ||
| 出版信息: | 北京 人民教育出版社 1981 |
|
| 页数: | 189页 | |
| 开本: | 21cm | |
| 丛书名: | ||
| 单 册: | ||
| 中图分类: | O611.2 | |
| 科图分类: | ||
| 主题词: | 结构化学:无机化学 , 无机化学:结构化学 | |
| 电子资源: | ||
| ISBN: | ||
| 000 | 00746nam0 2200265 45 | |
| 001 | 0181005429 | |
| 005 | 20060814154610.04 | |
| 010 | @dCNY0.81 | |
| 091 | @a13012.0657 | |
| 100 | @a19950421d1981 em y0chiy0121 ea | |
| 101 | 1 | @achi@cjpn |
| 102 | @aCN@b110000 | |
| 105 | @ay z 000yy | |
| 200 | 10 | @a结构无机化学@Ajie gou wu ji hua xue@f(日)桐山良一著@g周孝棣, 胡秀仁译 |
| 210 | @a北京@c人民教育出版社@d1981 | |
| 215 | @a189页@d21cm | |
| 606 | @a结构化学:无机化学 | |
| 606 | @a无机化学:结构化学 | |
| 690 | @aO611.2@v3 | |
| 701 | 0 | @a桐山良一@Atong shan liang yi@4著 |
| 702 | 0 | @a周孝棣@Azhou xiao di@4译 |
| 702 | 0 | @a胡秀仁@Ahu xiu ren@4译 |
| 801 | 0 | @aCN@b上海图书馆@c20060814 |
| 801 | 2 | @aCN@bNLC@c20060812 |
| 905 | @dO611.2@e1 | |
| 结构无机化学/(日)桐山良一著/周孝棣, 胡秀仁译.-北京:人民教育出版社,1981 |
| 189页;21cm |
| ISBN :CNY0.81 |
| ● |
| 相关链接 |
|
|
|
|
正题名:结构无机化学
索取号:O611.2/1
 
预约/预借
| 序号 | 登录号 | 条形码 | 馆藏地/架位号 | 状态 | 备注 |
| 1 | 0080266 | 000349402 | 第三借阅区/ [索取号:O611.2/1] | 在馆 | |
| 2 | 0080267 | 000349368 | 第二样本阅览室/ [索取号:O611.2/1] | 在馆 | |
| 3 | 0454481 | 204544813 | 密集书库/ [索取号:O611.2/1] | 在馆 | |
| 4 | 0454482 | 204544822 | 密集书库/ [索取号:O611.2/1] | 在馆 | |
| 5 | 0461174 | 204611740 | 密集书库/ [索取号:O611.2/1] | 在馆 | |
| 6 | 0461175 | 204611759 | 密集书库/ [索取号:O611.2/1] | 在馆 | |
| 7 | 0461176 | 204611768 | 密集书库/ [索取号:O611.2/1] | 在馆 |